000 00399nam a2200157Ia 4500
008 221030s9999 xx 000 0 und d
020 _a9339212088
041 _aEnglish
100 _aR. S. Pressman
245 0 _aSoftware Engineering : A Practitioner`s Approach
_cby R. S. Pressman
250 _a7th
260 _bTMH
_aNew Delhi
_c2015
300 _a895
650 _aBE Computer
942 _cBK
999 _c17080
_d17080